|
|
|
|
| LEADER |
00000nam0a2200000 4500 |
| 001 |
683614 |
| 005 |
20251205095429.0 |
| 090 |
|
|
|a 683614
|
| 100 |
|
|
|a 20251205d1978 km|y0rusy50 ca
|
| 101 |
0 |
|
|a rus
|
| 102 |
|
|
|a RU
|
| 105 |
|
|
|a y z 000yy
|
| 181 |
|
0 |
|a i
|b e
|
| 182 |
|
0 |
|a n
|
| 183 |
|
0 |
|a nc
|2 RDAcarrier
|
| 200 |
1 |
|
|a Психолого-педагогические основы деятельности командира
|f М. И. Дьяченко, Е. Ф. Осипенков, Л. Е. Мерзляк
|g под ред. И. Г. Павловского
|
| 203 |
|
|
|a Текст
|b визуальный
|c непосредственный
|
| 210 |
|
|
|a Москва
|c Воениздат
|d 1978
|
| 215 |
|
|
|a 296 с.
|
| 283 |
|
|
|a volume
|2 RDAcarrier
|
| 606 |
|
|
|a Военная психология
|9 31690
|
| 610 |
1 |
|
|a командиры
|
| 610 |
1 |
|
|a деятельность
|
| 610 |
1 |
|
|a подчиненные
|
| 610 |
1 |
|
|a личность
|
| 610 |
1 |
|
|a воинский коллектив
|
| 610 |
1 |
|
|a формирование
|
| 610 |
1 |
|
|a личный состав
|
| 610 |
1 |
|
|a воинская дисциплина
|
| 610 |
1 |
|
|a боевая подготовка
|
| 610 |
1 |
|
|a занятия
|
| 610 |
1 |
|
|a боевое мастерство
|
| 686 |
|
|
|2 rubbk
|a Ю942
|
| 700 |
|
1 |
|a Дьяченко
|b М. И.
|
| 701 |
|
1 |
|a Осипенков
|b Е. Ф.
|
| 701 |
|
1 |
|a Мерзляк
|b Л. Е.
|
| 702 |
|
1 |
|4 340
|a Павловский
|b И. Г.
|
| 801 |
|
0 |
|a RU
|b 63413507
|c 20251205
|
| 830 |
|
|
|a Ретро2025Каталогизация Шило
|
| 850 |
|
|
|a 63413507
|
| 942 |
|
|
|c BK
|